000 00418nas a2200157 a 4500
001 57640
003 128966
005 20201118103337.0
008 ||||||n9999 ||| || ||
041 _aspa
245 0 _aRevista Integracion Financiera - Vol.17 No.71 (1996)
260 _aBogotá :
_bMedios & Medios Editores,
_c1996.
562 _e1
773 _017030
_aRevista Integracion Financiera :
942 _cSISS
999 _c57640
_d57640